000 00608nam a2200181Ia 4500
005 20250326130827.0
008 250326s9999 xx 000 0 und d
037 _aTextbook
040 _aFMSL
_beng
_cFMSL
041 _aeng
_2eng
084 _aX:74obD658(2:55) Q7
_qFMSL
100 _aFranz Christoph
_9741479
245 0 _aEvolving Business Models
_cFranz Christoph; Bieger Thomas
260 _aGewerbestrasse 11
_bGewerbestrasse 11, 6330 Cham,Switzerland Springer International Publishing
_c2017
300 _a219p
942 _cTB
_hX:74obD658(2:55) Q7
999 _c1284275
_d1284275